Miejscowości na trasie linii 208 PKS Słupsk. - Statystyki

Ogólne statystyki
  • Ten quiz został rozwiązany 4 razy
  • Średni wynik to 14 z 17
Statystyki odpowiedzi
Miejscowość % Poprawnych
2. Bierkowo
100%
5.{Wybrane kursy} Bruskowo Małe
100%
7.{Wybrane kursy} Bruskowo Małe
100%
3. Bruskowo Wielkie
100%
9. Bruskowo Wielkie
100%
11. Gałęzinowo
100%
1. Słupsk
100%
17. Ustka
100%
16.{Wybrane kursy} Wodnica
100%
15. Duninowo
75%
13. Pęplino
75%
6.{Wybrane kursy} Swołowo
75%
14. Duninówko
50%
10. Wielichowo
50%
12. Wielichowo
50%
4.{Wybrane kursy} Wierzbięcin
50%
8.{Wybrane kursy} Wierzbięcin
50%
Nie znaleziono quizów pasujących do podanych kryteriów
Rozkład punktacji
Procent ludzi z każdym wynikiem
Percentyl według liczby udzielonych odpowiedzi
Twoja historia wyników
Nie rozwiązałeś tego quizu